Looking good in presentations

Bibliographic Details
Main Author: Joss, Molly W.
Format: Book
Published: Scottsdale, Arizona : Coriolis Group Books , c 1999
Edition:3rd ed.
Subjects:

MARC

LEADER 00000cam a2200000 7i4500
001 0000009691
005 20050613.0
020 |a 1566048540 
040 |a INS 
090 0 0 |a T385.   |b J6765 1999 
100 1 |a Joss, Molly W. 
245 1 0 |a Looking good in presentations   |c Molly W. Joss 
250 |a 3rd ed. 
260 |a Scottsdale, Arizona :   |b Coriolis Group Books ,   |c c 1999 
300 |a 322p. ;   |c 25cm. 
650 0 0 |a Business presentations   |x Data processing 
650 0 0 |a Computer graphics 
999 |a 0000008264   |b BOOK   |c Open Shelf   |e Default branch